000
00303nam a22001337a 4500
008
171025b xxu||||| |||| 00| 0 eng d
020
_a
9781566622288
041
_a
eng
080
_2
3RD
_a
336.2
100
_a
55
101
_a
TAK
245
_a
FEDERAL CORPORATE TAXATION
_c
ABRAMS,H.E
942
_2
udc
_c
BK
999
_c
35839
_d
35839